书目信息 |
| 题名: |
节目主持人语言艺术
|
|
| 作者: | 曹可凡 , 王群 著 | |
| 分册: | ||
| 出版信息: | 上海 上海人民出版社 1997 |
|
| 页数: | 272页 | |
| 开本: | 20cm | |
| 丛书名: | ||
| 单 册: | ||
| 中图分类: | G222.2 , J812.3 | |
| 科图分类: | ||
| 主题词: | 电视节目--主持人--语言艺术 , 戏剧--舞台艺术 | |
| 电子资源: | ||
| ISBN: | 7-208-02491-X | |
| 000 | 00680nam0 2200241 450 | |
| 001 | 1553698989 | |
| 005 | 20150118145633.20 | |
| 010 | @a7-208-02491-X@dCNY16.00 | |
| 100 | @a20021005d1997 em y0chiy0110 ea | |
| 101 | 0 | @achi |
| 102 | @aCN@b310000 | |
| 105 | @af z 000yy | |
| 200 | 1 | @a节目主持人语言艺术@9jie mu zhu chi ren yu yan yi shu@f曹可凡,王群著 |
| 210 | @a上海@c上海人民出版社@d1997 | |
| 215 | @a272页@c彩照@d20cm | |
| 606 | 0 | @a电视节目@x主持人@x语言艺术 |
| 606 | 0 | @a戏剧@x舞台艺术 |
| 690 | @aG222.2@v5 | |
| 690 | @aJ812.3@v4 | |
| 701 | 0 | @a曹可凡@9cao ke fan@4著 |
| 701 | 0 | @a王群@9wang qun@4著 |
| 801 | 0 | @aCN@bTSSF@c20150118 |
| 905 | @aZUCC@dJ812.3@eJY6 | |
| 节目主持人语言艺术/曹可凡,王群著.-上海:上海人民出版社,1997 |
| 272页:彩照;20cm |
| ISBN 7-208-02491-X:CNY16.00 |
| ● |
| 相关链接 |
|
|
|
|
正题名:节目主持人语言艺术
索取号:J812.3/JY6
 
预约/预借
| 序号 | 登录号 | 条形码 | 馆藏地/架位号 | 状态 | 备注 |
| 1 | 7848493 | 278484935 | 学院路分馆/ [索取号:J812.3/JY6] | 在馆 | |
| 2 | 7848494 | 278484944 | 学院路分馆/ [索取号:J812.3/JY6] | 在馆 | |
| 3 | 7848495 | 278484953 | 学院路分馆/ [索取号:J812.3/JY6] | 在馆 |